• 首页
  • 本馆介绍
  • 公告通知
  • 最新文献
  • 馆藏检索
  • 电子资源
  • 读者导购
  • 参考咨询
  • 我的图书馆
  • 登录
  • 详细信息显示
  • 放入我的书架
  • 预约/预借图书
  • 作者相关作品
  • 分类相关作品
  • 丛书相关作品
  • 出版社相关作品

书目信息

  • 表格格式
  • 工作单格式
  • 卡片格式
题名:
池塘养鱼
    
 
作者: 《池塘养鱼》编写组
分册:  
出版信息: 北京   农业出版社  1973
页数: 51页
开本: 18cm
丛书名:
单 册:
中图分类: S964.3
科图分类:
主题词: 水产养殖--技术
电子资源:
ISBN:
000 00558nam0 2200193 450
001 0640980438
005 20060921093043.62
010    @dCNY0.17
100    @a20060725d1973 km y0chiy0120 ea
101 0  @achi
102    @aCN@b110000
200 1  @a池塘养鱼@Achi tang yang yu@f《池塘养鱼》编写组@F《chi tang yang yu》bian xie zu
210    @a北京@c农业出版社@d1973
215    @a51页@d18cm
606 0  @a水产养殖@x技术
690    @aS964.3@v3
701  0 @a《池塘养鱼》编写组@A《chi tang yang yu》bian xie zu
801  0 @aCN@bPFT@c20060921
905    @a10447@dS964.3@e13
    
    池塘养鱼/《池塘养鱼》编写组.-北京:农业出版社,1973
    51页;18cm
    
    
    ISBN :CNY0.17
    
●
相关链接 在E读中查询图书 在五车中查询图书 在当当中查询图书 在豆瓣中查询图书


正题名:池塘养鱼     索取号:S964.3/13         预约/预借

序号 登录号 条形码 馆藏地/架位号 状态 备注
1 0422358   204223580   密集书库/ [索取号:S964.3/13] 在馆    
2 0438387   204383871   密集书库/ [索取号:S964.3/13] 在馆    
3 0458681   204586812   密集书库/ [索取号:S964.3/13] 在馆    
唐山师范学院图书馆 欢迎您!
大连网信软件有限公司© 版权所有